000 00709nam a22001337a 4500
003 OSt
005 20160323094459.0
008 160323b xxu||||| |||| 00| 0 eng d
040 _cRUA
082 _aAGR SEN 2009 B470 Or.1
245 _aEffect of different organic fertilizers on green mustard at station of royal university of agriculture, ឥទ្ធិពលនៃប្រភេទជីធម្មជាតិផ្សេងៗគ្នាទៅលើដំណាំស្ពៃខៀវក្នុងស្ថានីយ៍ពិសោធន៍ដំណាំនៃសាកលវិទ្យាល័យភូមិន្ទកសិកម្ម
300 _axii,52p.
_bill.
_c29cm.
942 _2ddc
_cAGR
999 _c7740
_d7740